| 000 | 00348nam a22001337a 4500 | ||
|---|---|---|---|
| 008 | 231124b |||||||| |||| 00| 0 eng d | ||
| 082 | _a510 VIT | ||
| 100 | _aVittal, P.R. | ||
| 245 | _aMathematical Foundations | ||
| 250 | _a2nd ed. | ||
| 260 |
_aChennai : _bMargham Publications, _c2002. |
||
| 300 |
_aViii, 44.64 p: _billus, _c21 cm. |
||
| 942 | _2ddc | ||
| 999 |
_c9736 _d9737 |
||